Kreativní psaní = Kreatives Schreiben : sborník příspěvků z konference : Olomouc 2010 /

Další autoři: Kreativní psaní ve výuce (konference), Dubová, Jarmila, 1960-, Poláková, Jenny, 1946-, Ference, Anja Edith, 1975-
Jazyk: Němčina
Čeština
Angličtina
Vydáno: Brno : Marek Konečný, 2011
Vydání: 1. vyd.
Témata:
Fyzický popis: 136 s. : il. ; 22 cm
Language note: Část. německý a anglický text, česká a anglická resumé
Knihy
Uloženo v:
LEADER 02077nam a2200505 a 4500
001 nkc20112220041
003 CZ PrNK
005 20111109095230.0
007 ta
008 110809s2011 xr a e 100 0 cze
015 |a cnb002220041 
020 |a 978-80-903860-6-8  |q (brož.) 
035 |a (OCoLC)761169127 
040 |a ABA001  |b cze  |d BOA001 
041 0 |a cze  |a ger  |a eng  |b eng  |b cze 
072 7 |a 808  |x Literární styl. Literární činnost a technika. Efektivní využívání jazyka. Spisovatelská činnost  |2 Konspekt  |9 11 
080 |a 808.1  |2 MRF 
080 |a 81'24  |2 MRF 
080 |a 811.112.2  |2 MRF 
080 |a (062.534)  |2 MRF 
111 2 |a Kreativní psaní ve výuce (konference)  |d (2010 :  |c Olomouc, Česko)  |7 mzk2011662639 
245 1 0 |a Kreativní psaní =  |b Kreatives Schreiben : sborník příspěvků z konference : Olomouc 2010 /  |c Dubová Jarmila, Poláková Jenny, Ference Anja 
246 3 0 |a Kreatives Schreiben 
250 |a 1. vyd. 
260 |a Brno :  |b Marek Konečný,  |c 2011 
300 |a 136 s. :  |b il. ;  |c 22 cm 
504 |a Obsahuje bibliografie a bibliografické odkazy 
546 |a Část. německý a anglický text, česká a anglická resumé 
650 0 7 |a tvůrčí psaní  |7 ph126817  |2 czenas 
650 0 7 |a jazyková výuka  |7 ph162894  |2 czenas 
650 0 7 |a němčina  |7 ph115512  |2 czenas 
650 0 9 |a creative writing  |2 eczenas 
650 0 9 |a language teaching and learning  |2 eczenas 
650 0 9 |a German language  |2 eczenas 
655 7 |a sborníky konferencí  |7 fd133333  |2 czenas 
655 9 |a proceedings of conferences  |2 eczenas 
700 1 |a Dubová, Jarmila,  |d 1960-  |7 xx0018945  |4 edt 
700 1 |a Poláková, Jenny,  |d 1946-  |7 ola2002143780  |4 edt 
700 1 |a Ference, Anja Edith,  |d 1975-  |7 mzk2011662642  |4 edt 
910 2 |a BOA001  |b 2-1273.018 
990 |a BK 
995 |a 01 
991 |b 201110  |c NOV  |j 80 KRE  |e n 
996 6 |b 2610489880  |c 2-1273.018  |l MZK  |r Sklad / do 1 hodiny  |n 1  |p p.v.  |w 001204433  |u 000010  |a 1  |e BOA001  |j MZK50  |s P 
996 7 |b 2610489881  |c 2-1273.018  |l MZK  |r Sklad / do 1 hodiny  |n 13  |p p.v.  |w 001204433  |u 000020  |a 1  |e BOA001  |j MZK50  |s A